[Event "Balaton op 36th"]
[Site "Balatonlelle"]
[Date "2018.06.17"]
[Round "6"]
[White "Farkas, Otto"]
[Black "Ananya, Rishi Gupta"]
[Result "0-1"]
[WhiteElo "1609"]
[BlackElo "1968"]
[PlyCount "46"]
[EventDate "2018.06.12"]
[EventType "swiss"]
[EventRounds "9"]
[EventCountry "HUN"]
[SourceTitle "CBM 185 Extra"]
[Source "ChessBase"]
[SourceDate "2018.07.29"]
[SourceVersion "1"]
[SourceVersionDate "2018.07.29"]
[SourceQuality "1"]

1. e4 e5 2. Nf3 Nc6 3. Bb5 a6 4. Ba4 Nf6 5. 0-0 Nxe4 6. d4 b5 7. Bb3 d5 8. dxe5 Be6 9. c3 Be7 10. Nd4 Nxe5 11. f4 Nc4 12. Bxc4 bxc4 13. Nxe6 fxe6 14. Qh5+ g6 15. Qe5 Kd7 16. Rd1 Bc5+ 17. Kf1 Qh4 18. Rxd5+ exd5 19. Qxd5+ Bd6 20. g3 Qxh2 21. Qxe4 Rae8 22. Qf3 Qh3+ 23. Kf2 Bc5+ 0-1